15 najpopularniejszych nazwisk w Polsce - nagła śmierć - Statystyki

Ogólne statystyki
  • Ten quiz został rozwiązany 248 razy
  • Średni wynik to 5 z 15
Answers on the Grid
Answers color-coded by a green-red scale on the quiz's grid according to % correct below.
Dąbrowski
Dudek
Górski
Grabowski
Jankowski
Kaczmarek
Kamiński
Kowalczyk
Kowalski
Kozłowski
Krawczyk
Kwiatkowski
Lewandowski
Mazur
Mazurski
Milewski
Nawrocki
Nowak
Paszkowski
Piotrowski
Piwowarski
Podgórski
Stępień
Szczepańczyk
Szymański
Wiśniewski
Wojciechowski
Wójcik
Woźniak
Zieliński
 
Statystyki odpowiedzi
Odpowiedź % Poprawnych
Kowalski
66%
Nowak
60%
Dąbrowski
59%
Kowalczyk
41%
Wiśniewski
41%
Lewandowski
40%
Kamiński
37%
Kwiatkowski
37%
Zieliński
35%
Wójcik
31%
Woźniak
21%
Szymański
15%
Kozłowski
14%
Mazur
12%
Jankowski
10%
Nie znaleziono quizów pasujących do podanych kryteriów
Rozkład punktacji
Procent ludzi z każdym wynikiem
Percentyl według liczby udzielonych odpowiedzi
Twoja historia wyników
Nie rozwiązałeś tego quizu